Statistics for Imagine Dragons Full Song List

Click here to take the quiz!

General Stats

  • This quiz has been taken 28 times
  • The average score is 43 of 70

Answer Stats

Track #Song Name% Correct
01Radioactive
100%
10Thunder
100%
04Believer
96%
02Gold
92%
04Demons
92%
03It's Time
88%
01Natural
88%
03Whatever It Takes
88%
05On Top of the World
84%
06Amsterdam
80%
05I Bet My Life
80%
01Shots
80%
05Bad Liar
80%
03Smoke and Mirrors
76%
18Warriors
76%
03Machine
72%
01Next To Me
72%
05Walking The Wire
72%
09Digital
68%
12Love
68%
09Bleeding Out
68%
04I'm So Sorry
68%
07Zero
68%
06Rise Up
68%
02Tiptoe
68%
09Mouth Of The River
68%
12Dancing In The Dark
64%
06Polaroid
64%
13Birds
64%
09Dream
64%
20Monster
64%
08Bullet in a Gun
60%
06West Coast
60%
02I Don't Know Why
60%
21Who We Are
60%
15Real Life
60%
11Nothing Left to Say / Rocks
60%
07Friction
60%
17The River
60%
18America
60%
12Hopeless Opus
60%
07Hear Me
60%
04Cool Out
56%
07I'll Make It Up To You
56%
10Trouble
56%
13The Fall
56%
11Start Over
52%
10Only
52%
14Burn Out
52%
02Boomerang
52%
08Every Night
52%
08Yesterday
52%
10Underdog
52%
11Summer
52%
19Selene
48%
19Battle Cry
48%
16Round and Round
48%
13Working Man
48%
22Tokyo
48%
08It Comes Back To You
48%
20Cover Up
44%
15My Fault
44%
11Stuck
40%
15The Unknown
40%
14Fallen
40%
21I Don't Mind
40%
17Release
40%
16Second Chances
36%
14Theif
28%
12Cha Ching (Till We Grow Older)
20%

Score Distribution

Percentile by Number Answered

Percent of People with Each Score

Your Score History

You have not taken this quiz